=LDR 00000nam 2200000 4500 =001 INLIS000000000049703 =005 20170320092334.0 =006 =007 =008 =020 ##$$a 978-602-9281-11-8 =035 ##$$0010-031700000000148 =040 ##$$a NBPDMAT =082 ##$$a 297.412 506 =090 ##$$a 297.412 506 Sud r =100 ##$$a Sudirman H. Makka =245 ##$$a Rekonstruksi manajemen masjid dan peran kelebean $c Sudirman H. Makka ; editor Mukhlis Muma Leon =260 ##$$a Bima $b Pemda Kab. Bima $c 2016 =300 ##$$a xi, 117 hlm. $c 21 cm. =500 ##$$a Biliografi : hlm. 117 =650 ##$$a Masjid - Manajemen =700 ##$$a Mukhlis Muma Leon =850 ##$$a NBPDMAT =990 ##$$a 287/46/2017 =990 ##$$a 21605215 =990 ##$$a 21605216 =990 ##$$a 21605217 =990 ##$$a 21605218 =990 ##$$a 287/46/2017 =990 ##$$a 21605215 =990 ##$$a 21605216 =990 ##$$a 21605217 =990 ##$$a 287/46/2017 =990 ##$$a 287/46/2017 =990 ##$$a 21605215 =990 ##$$a 21605216 =990 ##$$a 287/46/2017 =990 ##$$a 287/46/2017 =990 ##$$a 287/46/2017 =990 ##$$a 21605215 =990 ##$$a 21605216 =990 ##$$a 287/46/2017 =990 ##$$a 287/46/2017 =990 ##$$a 287/46/2017 =990 ##$$a 21605215 =990 ##$$a 21605216 =990 ##$$a 287/46/2017 =990 ##$$a 287/46/2017 =990 ##$$a 287/46/2017 =990 ##$$a 21605215 =990 ##$$a 287/46/2017 =990 ##$$a 287/46/2017 =990 ##$$a 287/46/2017 =990 ##$$a 287/46/2017 =990 ##$$a 287/46/2017 =990 ##$$a 287/46/2017 =990 ##$$a 287/46/2017 =990 ##$$a 287/46/2017